000 00868nam a2200253Ia 4500
003 OSt
005 20220923225530.0
006 a|||||r|||| 00| 0
007 ta
008 220922b |||||||| |||| 00| 0 urd d
024 _a270,529
037 _cTextual
040 _aARTS
_cARTS
_burd
041 _2urd
_aurd
082 _aO168,3N45,GO, 152N8
100 _aरियाज़, फ़हमीदा
_9156271
245 0 _aगोदावरी, अनु शकील सिद्दीक़ी
246 _aGodāvarī, anu shakīl siddīक़ī
260 _aदिल्ली
_b सारांश प्रकाशन
_c1998
300 _a95पृ0
_ccm.
650 _aउर्दू साहित्य
942 _hO168,3N45,GO, 152N8
_cTEXL
_2CC
999 _c378886
_d378886